| 000 | 01144nam a2200337 c 4500 | ||
|---|---|---|---|
| 999 |
_c38041 _d38041 |
||
| 003 | BLK | ||
| 005 | 20180425154413.0 | ||
| 008 | 180408b bul|||||r ||||||| ||bul|| | ||
| 010 | _aKNG00041222000 | ||
| 020 | _a2-13-044065-7 | ||
| 040 | _aBLK | ||
| 041 |
_aFRE _cFRE |
||
| 080 |
_aФренски език _b811.133.1 _x`373.6 _z811.133.1`373.6 |
||
| 100 | 1 |
_aBloch, Oscar _eпърви автор _9275954 |
|
| 139 |
_aBloch, Oscar et al. _bB 67 |
||
| 245 | 1 | 0 |
_aDictionnaire etymologique de la langue francaise _cOscar Bloch; съавт. Walther von Wartburg. |
| 250 | _a8. ed. | ||
| 257 | _aFRA | ||
| 260 |
_bPresses universitaires de France _c1991 _aParis |
||
| 300 |
_a682 p. _c25 cm |
||
| 380 | _a80 | ||
| 650 | 4 |
_aФренски език - речници, етимологични _9274787 |
|
| 653 | _aфренски език | ||
| 653 | _aетимологични речници | ||
| 700 | 1 |
_aWartburg, Walther von _eсъавт. _927680 |
|
| 852 | _aЦб 172408 | ||
| 856 | 4 | _qpdf | |
| 856 | 4 | _qpdf | |
| 942 |
_cKNG _n0 |
||
| 944 |
_aCR _c15.01.2003 _kТеодора_Стоянова |
||
| 944 |
_aED _c12.12.2013 |
||
| 999 | _d38041 | ||